[Event "HUN-chT2 Toth 1516"]
[Site "Hungary"]
[Date "2016.04.17"]
[Round "11.1"]
[White "Dostan, Janos"]
[Black "Blazsik, Zoltan Jr"]
[Result "1-0"]
[WhiteElo "2231"]
[BlackElo "2079"]
[PlyCount "41"]
[EventDate "2015.09.13"]
[EventType "team-tourn"]
[EventRounds "11"]
[EventCountry "HUN"]
[SourceTitle "EXT 2017"]
[Source "ChessBase"]
[SourceDate "2016.10.25"]
[SourceVersion "1"]
[SourceVersionDate "2016.10.25"]
[SourceQuality "1"]
[WhiteTeam "Karcag"]
[BlackTeam "Maroczy II"]
[WhiteTeamCountry "HUN"]
[BlackTeamCountry "HUN"]

1. e4 c6 2. d4 d5 3. f3 dxe4 4. fxe4 g6 5. Nf3 Bg7 6. Bc4 e6 7. 0-0 h6 8. c3 Nf6 9. Qe1 b6 10. Nbd2 Nfd7 11. e5 Ba6 12. Bxa6 Nxa6 13. Ne4 0-0 14. Qg3 Nc7 15. Qh3 h5 16. Bg5 Qb8 17. Be7 Re8 18. Bd6 f5 19. exf6 Nxf6 20. Nxf6+ Bxf6 21. Qg3 1-0

[Event "HUN-chT2 Toth 1415"]
[Site "Hungary"]
[Date "2015.04.26"]
[Round "11.1"]
[White "Csomos, Roland"]
[Black "Blazsik, Zoltan Jr"]
[Result "1-0"]
[WhiteElo "2192"]
[BlackElo "2102"]
[PlyCount "43"]
[EventDate "2014.09.07"]
[EventType "team-tourn"]
[EventRounds "11"]
[EventCountry "HUN"]
[SourceTitle "EXT 2016"]
[Source "ChessBase"]
[SourceDate "2015.10.08"]
[SourceVersion "1"]
[SourceVersionDate "2015.10.08"]
[SourceQuality "1"]
[WhiteTeam "Gyula"]
[BlackTeam "Maroczy II"]
[WhiteTeamCountry "HUN"]
[BlackTeamCountry "HUN"]

1. d4 d5 2. c4 c6 3. Nf3 Nf6 4. cxd5 cxd5 5. Nc3 Nc6 6. Bf4 a6 7. e3 e6 8. Bd3 Be7 9. h3 0-0 10. Rc1 Qb6 11. Qe2 Nd7 12. 0-0 f6 13. Rfd1 Rd8 14. e4 Nf8 15. exd5 exd5 16. Na4 Qb4 17. Qc2 Qa5 18. a3 Bd6 19. Bxd6 Rxd6 20. Qc5 Qd8 21. Qb6 Rb8 22. Rxc6 1-0

[Event "HUN-chT2 Toth 1415"]
[Site "Hungary"]
[Date "2014.12.14"]
[Round "6.1"]
[White "Blazsik, Zoltan Jr"]
[Black "Farkas, Tibor"]
[Result "1/2-1/2"]
[WhiteElo "2102"]
[BlackElo "2240"]
[PlyCount "72"]
[EventDate "2014.09.07"]
[EventType "team-tourn"]
[EventRounds "11"]
[EventCountry "HUN"]
[SourceTitle "EXT 2016"]
[Source "ChessBase"]
[SourceDate "2015.10.08"]
[SourceVersion "1"]
[SourceVersionDate "2015.10.08"]
[SourceQuality "1"]
[WhiteTeam "Maroczy II"]
[BlackTeam "Felegyhaza Csongrad"]
[WhiteTeamCountry "HUN"]
[BlackTeamCountry "HUN"]

1. d4 Nf6 2. c4 g6 3. Nc3 Bg7 4. e4 d6 5. Nf3 0-0 6. Be2 e5 7. dxe5 dxe5 8. Qxd8 Rxd8 9. Bg5 Nbd7 10. Rd1 Rf8 11. 0-0 c6 12. h3 Re8 13. Be3 Bf8 14. Ne1 Nc5 15. f3 a5 16. Nd3 Nfd7 17. b3 f6 18. Nf2 Be7 19. g3 Ne6 20. Kg2 Kg7 21. Nd3 Ndc5 22. Nb2 Nc7 23. Nba4 N7a6 24. h4 Be6 25. Rd2 Red8 26. Rfd1 Rxd2 27. Rxd2 Kf7 28. Bf2 Ke8 29. Be3 Rd8 30. Rxd8+ Kxd8 31. Nxc5 Nxc5 32. Kf1 f5 33. Bf2 Kc7 34. Kg2 Kd7 35. Kf1 Kd6 36. Kg2 Kd7 1/2-1/2

[Event "HUN-chT2 Toth 1415"]
[Site "Hungary"]
[Date "2014.11.30"]
[Round "5.1"]
[White "Restas, Peter"]
[Black "Blazsik, Zoltan Jr"]
[Result "1-0"]
[WhiteElo "2222"]
[BlackElo "2102"]
[PlyCount "93"]
[EventDate "2014.09.07"]
[EventType "team-tourn"]
[EventRounds "11"]
[EventCountry "HUN"]
[SourceTitle "EXT 2016"]
[Source "ChessBase"]
[SourceDate "2015.10.08"]
[SourceVersion "1"]
[SourceVersionDate "2015.10.08"]
[SourceQuality "1"]
[WhiteTeam "Mako II"]
[BlackTeam "Maroczy II"]
[WhiteTeamCountry "HUN"]
[BlackTeamCountry "HUN"]

1. c4 e5 2. Nc3 Nf6 3. g3 c5 4. Bg2 Nc6 5. a3 Be7 6. Rb1 0-0 7. e3 d6 8. Nge2 Be6 9. Nd5 Qd7 10. h3 Rab8 11. Nec3 Bxd5 12. cxd5 Na5 13. b4 cxb4 14. axb4 Nc4 15. d3 Nb6 16. 0-0 Rfc8 17. Bd2 Rxc3 18. Bxc3 Nbxd5 19. Ba1 Qb5 20. Qb3 Nb6 21. e4 Nfd7 22. Rfc1 a5 23. bxa5 Qxa5 24. Bc3 Qa4 25. Qb2 Qa6 26. Qd2 Na4 27. Ba1 b5 28. Rc7 Nac5 29. Bc3 Bd8 30. Ra1 Qxa1+ 31. Bxa1 Bxc7 32. d4 Nb3 33. Qc3 Nxa1 34. Qxc7 b4 35. Qxd7 b3 36. Qxd6 Ra8 37. Qc6 Rb8 38. Qc7 Re8 39. Qc3 Ra8 40. dxe5 g6 41. Bf1 Ra2 42. Bc4 Rc2 43. Qxa1 Rxc4 44. Qa8+ Kg7 45. Qb7 b2 46. Qxb2 Rxe4 47. e6+ 1-0

[Event "HUN-chT2 Toth 1415"]
[Site "Hungary"]
[Date "2014.11.16"]
[Round "4.2"]
[White "Retkes, Peter"]
[Black "Blazsik, Zoltan Jr"]
[Result "1/2-1/2"]
[WhiteElo "1946"]
[BlackElo "2102"]
[PlyCount "51"]
[EventDate "2014.09.07"]
[EventType "team-tourn"]
[EventRounds "11"]
[EventCountry "HUN"]
[SourceTitle "EXT 2016"]
[Source "ChessBase"]
[SourceDate "2015.10.08"]
[SourceVersion "1"]
[SourceVersionDate "2015.10.08"]
[SourceQuality "1"]
[WhiteTeam "Roszke"]
[BlackTeam "Maroczy II"]
[WhiteTeamCountry "HUN"]
[BlackTeamCountry "HUN"]

1. e4 d6 2. d4 g6 3. Nc3 Bg7 4. Be3 Nf6 5. f3 c6 6. a4 0-0 7. Bc4 d5 8. exd5 Nxd5 9. Bxd5 cxd5 10. f4 Nc6 11. Nf3 Bg4 12. h3 Bxf3 13. gxf3 e5 14. fxe5 Bxe5 15. dxe5 d4 16. Ne4 dxe3 17. Qxd8 Raxd8 18. f4 Rd4 19. Nf6+ Kg7 20. 0-0 e2 21. Rfe1 Rxf4 22. Rxe2 Rd8 23. Rf1 Rxf1+ 24. Kxf1 Nxe5 25. Nh5+ gxh5 26. Rxe5 1/2-1/2

[Event "HUN-chT2 Toth 1314"]
[Site "Hungary"]
[Date "2013.11.03"]
[Round "4.1"]
[White "Csala, Imre"]
[Black "Blazsik, Zoltan Jr"]
[Result "1-0"]
[WhiteElo "2189"]
[BlackElo "2113"]
[PlyCount "61"]
[EventDate "2013.09.08"]
[EventType "team-tourn"]
[EventRounds "11"]
[EventCountry "HUN"]
[SourceTitle "EXT 2016"]
[Source "ChessBase"]
[SourceDate "2015.10.08"]
[SourceVersion "1"]
[SourceVersionDate "2015.10.08"]
[SourceQuality "1"]
[WhiteTeam "Kecskemet Takisz"]
[BlackTeam "Szeged Maroczy II"]
[WhiteTeamCountry "HUN"]
[BlackTeamCountry "HUN"]

1. e4 c6 2. Nf3 d5 3. Nc3 Nf6 4. e5 Nfd7 5. d4 e6 6. Bg5 Qc7 7. Bd3 a6 8. Ne2 b5 9. 0-0 c5 10. c3 Nc6 11. Bh4 g6 12. Bg3 Bg7 13. h4 Bb7 14. Nf4 Qb6 15. Bb1 Ne7 16. h5 Nf5 17. Bxf5 gxf5 18. Bh4 Bf8 19. Re1 Be7 20. h6 Rg8 21. Nh5 Bxh4 22. Ng7+ Kf8 23. Nxh4 Qd8 24. Qh5 Qe7 25. Re3 Rxg7 26. hxg7+ Kxg7 27. Rg3+ Kh8 28. Rh3 Nf8 29. Qh6 f6 30. exf6 Qf7 31. Rg3 1-0

[Event "HUN-chT2 Toth 1213"]
[Site "Hungary"]
[Date "2013.02.17"]
[Round "7.1"]
[White "Vamos, Viktor"]
[Black "Blazsik, Zoltan Jr"]
[Result "0-1"]
[WhiteElo "2206"]
[BlackElo "2123"]
[PlyCount "80"]
[EventDate "2012.09.16"]
[EventType "team-tourn"]
[EventRounds "11"]
[EventCountry "HUN"]
[SourceTitle "EXT 2014"]
[Source "ChessBase"]
[SourceDate "2013.11.20"]
[SourceVersion "1"]
[SourceVersionDate "2013.11.20"]
[SourceQuality "1"]
[WhiteTeam "Toth Laszlo II"]
[BlackTeam "Maroczy II"]
[WhiteTeamCountry "HUN"]
[BlackTeamCountry "HUN"]

1. d4 d5 2. c4 c6 3. cxd5 cxd5 4. Nc3 Nf6 5. Bf4 Nc6 6. e3 a6 7. Bd3 e6 8. Rc1 Bd6 9. Bxd6 Qxd6 10. f4 Nd7 11. Nf3 f6 12. 0-0 f5 13. Ne5 Ndxe5 14. fxe5 Qe7 15. Kh1 h5 16. Na4 Bd7 17. Nc5 Nd8 18. a4 g6 19. b4 0-0 20. b5 a5 21. b6 Bc6 22. Qb3 Nf7 23. Bb5 Rfc8 24. Rc3 Nd8 25. Rfc1 Rab8 26. Bxc6 Nxc6 27. Qb5 Nb4 28. Nd7 Rxc3 29. Rxc3 Qh4 30. Rc1 Rd8 31. Nf6+ Kg7 32. Qxa5 Nd3 33. Rc7+ Kh6 34. Qd2 Ra8 35. g3 Qh3 36. Qxd3 Rxa4 37. Rc1 Ra2 38. Ng8+ Kg7 39. Rc7+ Kh8 40. Nf6 Qxh2# 0-1

[Event "HUN-chT2 Toth 1213"]
[Site "Hungary"]
[Date "2012.09.16"]
[Round "1.1"]
[White "Telek, Gabor"]
[Black "Blazsik, Zoltan Jr"]
[Result "1/2-1/2"]
[WhiteElo "2115"]
[BlackElo "2123"]
[PlyCount "158"]
[EventDate "2012.09.16"]
[EventType "team-tourn"]
[EventRounds "11"]
[EventCountry "HUN"]
[SourceTitle "EXT 2014"]
[Source "ChessBase"]
[SourceDate "2013.11.20"]
[SourceVersion "1"]
[SourceVersionDate "2013.11.20"]
[SourceQuality "1"]
[WhiteTeam "Abony"]
[BlackTeam "Maroczy II"]
[WhiteTeamCountry "HUN"]
[BlackTeamCountry "HUN"]

1. e4 c6 2. d4 d5 3. exd5 cxd5 4. c4 Nf6 5. Nc3 e6 6. Nf3 Be7 7. cxd5 exd5 8. Bd3 0-0 9. 0-0 Qb6 10. Re1 Nc6 11. Bg5 Be6 12. Na4 Qc7 13. Rc1 Rac8 14. Bb1 b6 15. Qc2 Ne4 16. Rxe4 dxe4 17. Qxe4 g6 18. d5 Bf5 19. Qh4 Bxb1 20. dxc6 Bxg5 21. Nxg5 f6 22. Qc4+ Kh8 23. Ne6 Qf7 24. Nxf8 Qxc4 25. Rxc4 Rxf8 26. Nc3 Bf5 27. f3 a6 28. a4 Kg7 29. Rb4 Rb8 30. Nd5 b5 31. Kf2 Kf7 32. Ke3 Rc8 33. axb5 axb5 34. Rxb5 Rxc6 35. Rb7+ Ke6 36. Kd4 Rc2 37. Rb6+ Kf7 38. g4 Rd2+ 39. Kc5 Be6 40. Rb7+ Kf8 41. Nxf6 h5 42. h3 Rd3 43. gxh5 gxh5 44. h4 Rxf3 45. Nh7+ Kg8 46. Ng5 Rf5+ 47. Kd6 Ba2 48. b4 Rf4 49. b5 Rxh4 50. Ke5 Bb1 51. b6 Rb4 52. Rb8+ Kg7 53. Ne6+ Kf7 54. b7 Ke7 55. Rg8 Rb5+ 56. Kf4 Kxe6 57. b8Q Rxb8 58. Rxb8 Bc2 59. Kg5 Bd1 60. Rf8 Bg4 61. Rf6+ Ke5 62. Ra6 Ke4 63. Ra3 Bd1 64. Kh4 Kf4 65. Ra1 Bg4 66. Rf1+ Ke4 67. Kg3 Ke5 68. Re1+ Kf5 69. Re8 Bd1 70. Kf2 Kf4 71. Rf8+ Ke4 72. Kg3 Bg4 73. Re8+ Kf5 74. Kh4 Bd1 75. Rf8+ Ke4 76. Kg5 Bg4 77. Re8+ Kf3 78. Kh4 Kf4 79. Rf8+ Ke4 1/2-1/2

[Event "HUN-chT2 Toth 1112"]
[Site "Hungary"]
[Date "2012.05.06"]
[Round "10.2"]
[White "Kerekes, Attila"]
[Black "Blazsik, Zoltan Jr"]
[Result "0-1"]
[WhiteElo "2126"]
[BlackElo "2084"]
[PlyCount "80"]
[EventDate "2011.09.25"]
[EventType "team-tourn"]
[EventRounds "11"]
[EventCountry "HUN"]
[SourceTitle "EXT 2013"]
[Source "ChessBase"]
[SourceDate "2012.11.22"]
[SourceVersion "1"]
[SourceVersionDate "2012.11.22"]
[SourceQuality "1"]
[WhiteTeam "Bekes"]
[BlackTeam "Maroczy II"]
[WhiteTeamCountry "HUN"]
[BlackTeamCountry "HUN"]

1. e4 c6 2. d4 d5 3. exd5 cxd5 4. c4 Nf6 5. Nc3 e6 6. Nf3 Be7 7. c5 Nc6 8. Bb5 0-0 9. Bxc6 bxc6 10. 0-0 Qc7 11. Re1 a5 12. Bg5 h6 13. Bh4 Ba6 14. a3 Qb7 15. Rb1 Bd8 16. b4 axb4 17. axb4 Bb5 18. Ra1 Nd7 19. Rxa8 Qxa8 20. Bxd8 Rxd8 21. Nxb5 cxb5 22. Qa1 Qc6 23. Qb2 Ra8 24. Ra1 f6 25. h3 Nb8 26. Nd2 Rxa1+ 27. Qxa1 Qa6 28. Qa5 Qxa5 29. bxa5 Kf7 30. Kf1 Ke7 31. Ke2 Kd7 32. Kd3 b4 33. f4 Kc6 34. g4 Kb5 35. Nb3 Nc6 36. f5 exf5 37. gxf5 Ne7 38. c6 Kxc6 39. Nc5 Nxf5 40. a6 Kb6 0-1

[Event "HUN-chT2 Toth 1112"]
[Site "Hungary"]
[Date "2012.03.25"]
[Round "8.3"]
[White "Blazsik, Zoltan Jr"]
[Black "Adzic, Slobodan"]
[Result "1-0"]
[WhiteElo "2084"]
[BlackElo "2119"]
[PlyCount "55"]
[EventDate "2011.09.25"]
[EventType "team-tourn"]
[EventRounds "11"]
[EventCountry "HUN"]
[SourceTitle "EXT 2013"]
[Source "ChessBase"]
[SourceDate "2012.11.22"]
[SourceVersion "1"]
[SourceVersionDate "2012.11.22"]
[SourceQuality "1"]
[WhiteTeam "Maroczy II"]
[BlackTeam "Roszke II"]
[WhiteTeamCountry "HUN"]
[BlackTeamCountry "HUN"]

1. d4 Nf6 2. c4 g6 3. Nc3 c5 4. Nf3 Bg7 5. e4 cxd4 6. Nxd4 Nc6 7. Be3 d6 8. Be2 Qa5 9. 0-0 0-0 10. Nb3 Qd8 11. Qd2 Ne5 12. f3 Be6 13. Nd5 Nfd7 14. Rac1 Nc6 15. Rfd1 b6 16. Nd4 Nxd4 17. Bxd4 Bxd4+ 18. Qxd4 Rc8 19. g4 Ne5 20. h3 f5 21. gxf5 gxf5 22. Kh2 f4 23. Rg1+ Kh8 24. Rg5 Bxd5 25. exd5 Rg8 26. Rcg1 Rxg5 27. Rxg5 Rxc4 28. Bxc4 1-0

[Event "HUN-chT2 Toth 1112"]
[Site "Hungary"]
[Date "2011.11.27"]
[Round "4.3"]
[White "Lorinczy, Laszlo"]
[Black "Blazsik, Zoltan Jr"]
[Result "1/2-1/2"]
[WhiteElo "1950"]
[BlackElo "2084"]
[PlyCount "77"]
[EventDate "2011.09.25"]
[EventType "team-tourn"]
[EventRounds "11"]
[EventCountry "HUN"]
[SourceTitle "EXT 2013"]
[Source "ChessBase"]
[SourceDate "2012.11.22"]
[SourceVersion "1"]
[SourceVersionDate "2012.11.22"]
[SourceQuality "1"]
[WhiteTeam "Abony"]
[BlackTeam "Maroczy II"]
[WhiteTeamCountry "HUN"]
[BlackTeamCountry "HUN"]

1. e4 c6 2. d4 d5 3. exd5 cxd5 4. Bd3 Nf6 5. c3 e6 6. Bf4 Bd6 7. Bxd6 Qxd6 8. Nf3 Nc6 9. 0-0 0-0 10. Re1 Nd7 11. Nbd2 f6 12. Qc2 f5 13. Bb5 a6 14. Bxc6 bxc6 15. Ne5 c5 16. Nxd7 Bxd7 17. dxc5 Qxc5 18. Nf3 a5 19. Qd2 Rab8 20. Re2 Rb6 21. Rae1 a4 22. a3 Rfb8 23. Qc1 Qc8 24. Ne5 Bb5 25. Rc2 Bc4 26. Nxc4 Qxc4 27. Rce2 Kf7 28. Qg5 Qg4 29. Qe3 h6 30. h3 Qc4 31. Qf3 g6 32. Qe3 g5 33. Qf3 Qh4 34. Qe3 Qf4 35. Qc5 Qc4 36. Qe3 Qf4 37. Qc5 Qc4 38. Qe3 Qf4 39. Qc5 1/2-1/2

[Event "HUN-chT2 Toth 1011"]
[Site "Hungary"]
[Date "2010.11.07"]
[Round "5.2"]
[White "Blazsik, Zoltan Jr"]
[Black "Nagy, Tibor"]
[Result "1/2-1/2"]
[WhiteElo "2100"]
[BlackElo "1956"]
[PlyCount "70"]
[EventDate "2010.09.12"]
[EventType "team-tourn"]
[EventRounds "11"]
[EventCountry "HUN"]
[SourceTitle "EXT 2012"]
[Source "ChessBase"]
[SourceDate "2011.11.24"]
[SourceVersion "1"]
[SourceVersionDate "2011.11.24"]
[SourceQuality "1"]
[WhiteTeam "Maroczy II"]
[BlackTeam "Nadudvar"]
[WhiteTeamCountry "HUN"]
[BlackTeamCountry "HUN"]

1. d4 d6 2. c4 Nf6 3. Nc3 g6 4. e4 Bg7 5. f4 Bg4 6. Be2 Bxe2 7. Ngxe2 0-0 8. 0-0 Nbd7 9. Qb3 e5 10. fxe5 dxe5 11. d5 Nc5 12. Qc2 a5 13. a3 Qd7 14. h3 b6 15. Be3 Qe7 16. b4 axb4 17. axb4 Na6 18. b5 Nc5 19. Rfb1 Nfd7 20. Ng3 Nb7 21. Ra2 Nd6 22. Qe2 Rac8 23. Bf2 f5 24. Ra7 Qg5 25. Nf1 fxe4 26. Nxe4 Nxe4 27. Qxe4 Rf4 28. Qc2 Rcf8 29. Bg3 Rxf1+ 30. Rxf1 Qxg3 31. Qe2 e4 32. Qxe4 Nc5 33. Rxf8+ Bxf8 34. Qe2 Nb3 35. Ra8 Kg7 1/2-1/2

[Event "HUN-chT2 Toth 1011"]
[Site "Hungary"]
[Date "2010.09.26"]
[Round "2.4"]
[White "Restas, Peter"]
[Black "Blazsik, Zoltan Jr"]
[Result "1-0"]
[WhiteElo "2275"]
[BlackElo "2100"]
[PlyCount "87"]
[EventDate "2010.09.12"]
[EventType "team-tourn"]
[EventRounds "11"]
[EventCountry "HUN"]
[SourceTitle "EXT 2012"]
[Source "ChessBase"]
[SourceDate "2011.11.24"]
[SourceVersion "1"]
[SourceVersionDate "2011.11.24"]
[SourceQuality "1"]
[WhiteTeam "Mako"]
[BlackTeam "Maroczy II"]
[WhiteTeamCountry "HUN"]
[BlackTeamCountry "HUN"]

1. c4 e5 2. Nc3 Nf6 3. g3 g6 4. Bg2 Bg7 5. e4 c5 6. a3 Nc6 7. b4 d6 8. Rb1 0-0 9. h3 Ne7 10. Nge2 Rb8 11. 0-0 Be6 12. d3 h6 13. f4 Nh5 14. fxe5 dxe5 15. bxc5 Nxg3 16. Nxg3 Qd4+ 17. Rf2 Qxc3 18. Be3 Bxc4 19. Bf1 Be6 20. Rb4 Nc6 21. Rb5 Nd4 22. Ne2 Qc2 23. Qxc2 Nxc2 24. Bc1 Rfd8 25. Nc3 Nd4 26. Rb4 Bf8 27. Na4 b5 28. cxb6 Bxb4 29. bxa7 Rb7 30. axb4 Rxa7 31. Nc5 Ra1 32. Bb2 Rb1 33. Nxe6 Nxe6 34. Bxe5 Rxd3 35. Kg2 Rd8 36. b5 Ng5 37. Bf6 Rdd1 38. Ra2 Ne6 39. Ra8+ Nf8 40. Bc4 Rdc1 41. Bd5 Rxb5 42. Be7 Rc3 43. Rxf8+ Kg7 44. Rxf7+ 1-0

[Event "HUN-chT2 Maroczy 0910"]
[Site "Hungary"]
[Date "2010.04.11"]
[Round "9"]
[White "Blazsik, Zoltan Jr"]
[Black "Albert, Kornelia"]
[Result "0-1"]
[WhiteElo "2067"]
[BlackElo "2133"]
[PlyCount "106"]
[EventDate "2009.11.08"]
[EventType "team-tourn"]
[EventRounds "11"]
[EventCountry "HUN"]
[SourceTitle "EXT 2011"]
[Source "ChessBase"]
[SourceDate "2010.11.26"]
[SourceVersion "1"]
[SourceVersionDate "2010.11.26"]
[SourceQuality "1"]
[WhiteTeam "Maroczy"]
[BlackTeam "MLTC II"]
[WhiteTeamCountry "HUN"]
[BlackTeamCountry "HUN"]

1. d4 Nf6 2. c4 e6 3. Nc3 c5 4. Nf3 cxd4 5. Nxd4 d5 6. e3 Nc6 7. a3 Be7 8. Be2 0-0 9. 0-0 Ne5 10. b3 dxc4 11. f4 Nd3 12. Bxd3 cxd3 13. Qxd3 b6 14. Bb2 Bb7 15. Rad1 a6 16. h3 b5 17. b4 Qb6 18. e4 Rfd8 19. e5 Nd5 20. Kh2 Rac8 21. f5 Nxc3 22. Bxc3 Qc7 23. Bd2 Qxe5+ 24. Bf4 Qd5 25. Qe2 Qc4 26. Qe3 Qd5 27. Qg3 exf5 28. Be5 Qxe5 29. Qxe5 Bd6 30. Qxd6 Rxd6 31. Nxf5 Rxd1 32. Rxd1 Kf8 33. Rd7 Rb8 34. Rc7 Bd5 35. Rc5 Be6 36. Nd4 Rb6 37. Nc6 Ke8 38. Kg3 Kd7 39. Ne5+ Kd6 40. Kf4 f6 41. Nd3 Bc4 42. Nf2 Bd5 43. g3 Rc6 44. Nd3 Rxc5 45. Nxc5 a5 46. Nd3 a4 47. Ke3 Bc4 48. Nb2 Kd5 49. h4 g5 50. h5 h6 51. Nd1 f5 52. Nb2 Bf1 53. Kf2 Bh3 0-1

[Event "HUN-chT2 Toth 0809"]
[Site "Hungary"]
[Date "2009.01.25"]
[Round "6.4"]
[White "Blazsik, Zoltan Jr"]
[Black "Csikos, Mihaly"]
[Result "1/2-1/2"]
[WhiteElo "2034"]
[BlackElo "2150"]
[PlyCount "45"]
[EventDate "2008.10.26"]
[EventType "team-tourn"]
[EventRounds "11"]
[EventCountry "HUN"]
[SourceTitle "EXT 2010"]
[Source "ChessBase"]
[SourceDate "2010.11.25"]
[SourceVersion "1"]
[SourceVersionDate "2010.11.25"]
[SourceQuality "1"]
[WhiteTeam "Maroczy II"]
[BlackTeam "Roszke"]
[WhiteTeamCountry "HUN"]
[BlackTeamCountry "HUN"]

1. d4 d5 2. Bf4 Nf6 3. Nf3 e6 4. e3 Bd6 5. Bd3 Bxf4 6. exf4 Qd6 7. Qd2 0-0 8. Ne5 c5 9. c3 Nc6 10. 0-0 cxd4 11. cxd4 Nxd4 12. Bxh7+ Kxh7 13. Qxd4 b6 14. Rc1 Bb7 15. Nc3 Kg8 16. Nb5 Qd8 17. Rc3 a6 18. Na3 Ne4 19. Rh3 Qc7 20. Qd1 Nf6 21. Rc1 Qe7 22. Qd4 Rfc8 23. Rhc3 1/2-1/2

[Event "HUN-chT2 Toth 0809"]
[Site "Hungary"]
[Date "2008.12.21"]
[Round "4.5"]
[White "Kovacs, Arthur"]
[Black "Blazsik, Zoltan Jr"]
[Result "1/2-1/2"]
[WhiteElo "2140"]
[BlackElo "2034"]
[PlyCount "240"]
[EventDate "2008.10.26"]
[EventType "team-tourn"]
[EventRounds "11"]
[EventCountry "HUN"]
[SourceTitle "EXT 2010"]
[Source "ChessBase"]
[SourceDate "2010.11.25"]
[SourceVersion "1"]
[SourceVersionDate "2010.11.25"]
[SourceQuality "1"]
[WhiteTeam "Mako II"]
[BlackTeam "Maroczy II"]
[WhiteTeamCountry "HUN"]
[BlackTeamCountry "HUN"]

1. d4 d5 2. Nf3 Nf6 3. c4 c6 4. Nc3 e6 5. cxd5 exd5 6. Bg5 h6 7. Bh4 Qb6 8. Qc2 Nbd7 9. e3 Be7 10. Bd3 0-0 11. 0-0 Re8 12. Rab1 a5 13. a3 Qa7 14. Ne2 c5 15. dxc5 Nxc5 16. Rbc1 b6 17. Bb5 Bd7 18. Ned4 Rac8 19. Qe2 Nfe4 20. Bxd7 Qxd7 21. Bxe7 Rxe7 22. Rfd1 Nd6 23. b3 a4 24. Qb2 axb3 25. Nxb3 Qb5 26. Rxd5 Qxb3 27. Qxb3 Nxb3 28. Rxc8+ Nxc8 29. Rd8+ Kh7 30. Rxc8 Ra7 31. h4 Rxa3 32. Rb8 Ra6 33. h5 Ra1+ 34. Kh2 Ra5 35. g4 Rb5 36. Rb7 Kg8 37. Kg2 Kf8 38. Nh4 Na5 39. Ra7 Nc6 40. Rc7 Ne7 41. Rb7 g5 42. hxg6 fxg6 43. Nf3 Nc6 44. Rc7 Ne5 45. Nxe5 Rxe5 46. Rc6 Kf7 47. Rxb6 Kg7 48. Rb3 g5 49. Rb7+ Kf6 50. Rb6+ Kg7 51. Rd6 Re4 52. Rd7+ Kg6 53. Rd6+ Kg7 54. Kf3 Re5 55. Ke2 Ra5 56. Rd7+ Kg6 57. Rd6+ Kg7 58. f3 Ra3 59. Rc6 Rb3 60. Kd2 Ra3 61. Rc7+ Kg6 62. Rc6+ Kg7 63. Rc3 Ra2+ 64. Kd3 Ra6 65. Rc4 Kg6 66. e4 Kf6 67. Kd4 Rd6+ 68. Ke3 Ra6 69. Rc3 Ke5 70. Rc5+ Kf6 71. Rf5+ Ke6 72. Rf8 Ke7 73. Rh8 Kf7 74. Rh7+ Kg6 75. Rd7 Kf6 76. Rd5 Ra3+ 77. Kf2 Ra6 78. Rf5+ Ke6 79. Kg3 Ra8 80. Rb5 Ra6 81. Rb3 Ke5 82. Rc3 Rb6 83. Rc8 Kf6 84. Rf8+ Ke7 85. Rh8 Kf7 86. Rh7+ Kg6 87. Rd7 Kf6 88. Ra7 Rc6 89. Ra5 Rb6 90. Rf5+ Ke6 91. e5 Rb8 92. Rf6+ Kxe5 93. Rxh6 Rg8 94. Ra6 Rg7 95. Kf2 Rg8 96. Ke3 Rg7 97. Ra5+ Kf6 98. Ra6+ Ke5 99. Ra5+ Kf6 100. Rf5+ Kg6 101. Ke4 Ra7 102. Rd5 Rf7 103. Rd6+ Kg7 104. Ke3 Rf4 105. Rd4 Rf7 106. Re4 Ra7 107. Rd4 Re7+ 108. Kf2 Ra7 109. Kg3 Kg6 110. Rd6+ Kg7 111. Rd3 Ra4 112. Re3 Kf6 113. Rb3 Kg6 114. Rb6+ Kg7 115. Rb5 Kf6 116. Rf5+ Kg6 117. Re5 Kf6 118. Re8 Kg6 119. Re4 Ra3 120. Rb4 Kf6 1/2-1/2

[Event "HUN-chT2 Toth 0809"]
[Site "Hungary"]
[Date "2008.11.30"]
[Round "3.5"]
[White "Blazsik, Zoltan Jr"]
[Black "Visnyei, Illes"]
[Result "1-0"]
[WhiteElo "2034"]
[BlackElo "2118"]
[PlyCount "125"]
[EventDate "2008.10.26"]
[EventType "team-tourn"]
[EventRounds "11"]
[EventCountry "HUN"]
[SourceTitle "EXT 2010"]
[Source "ChessBase"]
[SourceDate "2010.11.25"]
[SourceVersion "1"]
[SourceVersionDate "2010.11.25"]
[SourceQuality "1"]
[WhiteTeam "Maroczy II"]
[BlackTeam "Bekes"]
[WhiteTeamCountry "HUN"]
[BlackTeamCountry "HUN"]

1. d4 d5 2. Bf4 c6 3. Nf3 Nf6 4. e3 h6 5. Bd3 e6 6. 0-0 Nbd7 7. c4 Be7 8. Nc3 0-0 9. h3 dxc4 10. Bxc4 Nd5 11. Bh2 Qa5 12. Qc2 Re8 13. e4 N5f6 14. Kh1 b5 15. Bd3 Bb7 16. a3 Rac8 17. b4 Qd8 18. Nd2 a5 19. Na2 axb4 20. axb4 Nb6 21. Nb3 Na4 22. Rac1 Qb6 23. f4 Nd7 24. e5 Qa7 25. f5 Bg5 26. Bf4 Bxf4 27. Rxf4 exf5 28. Bxf5 Rcd8 29. Bh7+ Kf8 30. Bg6 Re7 31. e6 Nf6 32. Bxf7 Rxf7 33. exf7 Kxf7 34. Na5 Rd6 35. Nc3 Nxc3 36. Qxc3 Kg8 37. Qc5 Qb8 38. Nxb7 Rd5 39. Qxc6 Qxf4 40. Qc8+ Kh7 41. Qc2+ Kg8 42. Ra1 Qxd4 43. Ra8+ Kf7 44. Qc7+ Kg6 45. Nd8 Re5 46. Qc2+ Kh5 47. Qb1 Qd2 48. Kh2 Qf4+ 49. Kh1 Ne4 50. Ra3 Ng3+ 51. Kg1 Ne2+ 52. Kh1 Ng3+ 53. Kg1 Qd2 54. Kh2 Re1 55. Qa2 Nf1+ 56. Kh1 Ne3+ 57. Kh2 Qd6+ 58. g3 Nf1+ 59. Kg2 Qe7 60. Qd5+ g5 61. Qf3+ Kg6 62. Ra6+ Kh7 63. Qf5+ 1-0

[Event "HUN-chT2 Toth 0809"]
[Site "Hungary"]
[Date "2008.10.26"]
[Round "1.5"]
[White "Blazsik, Zoltan Jr"]
[Black "Baranyi, Erno"]
[Result "1/2-1/2"]
[WhiteElo "2034"]
[BlackElo "2113"]
[PlyCount "90"]
[EventDate "2008.10.26"]
[EventType "team-tourn"]
[EventRounds "11"]
[EventCountry "HUN"]
[SourceTitle "EXT 2010"]
[Source "ChessBase"]
[SourceDate "2010.11.25"]
[SourceVersion "1"]
[SourceVersionDate "2010.11.25"]
[SourceQuality "1"]
[WhiteTeam "Maroczy II"]
[BlackTeam "Vasarhelyi"]
[WhiteTeamCountry "HUN"]
[BlackTeamCountry "HUN"]

1. d4 Nf6 2. Bf4 d5 3. Nf3 c5 4. c3 Qb6 5. Qc1 Nc6 6. e3 Bf5 7. Nbd2 e6 8. Nh4 Bg6 9. Nxg6 hxg6 10. Bd3 Rc8 11. Nf3 Na5 12. Ne5 cxd4 13. exd4 Nc6 14. Qb1 Nxe5 15. Bxe5 Bd6 16. f4 Bxe5 17. fxe5 Ng4 18. h3 Ne3 19. Kf2 Nc4 20. Bxc4 Rxc4 21. Re1 Qc6 22. Qd3 0-0 23. Re3 Rc8 24. h4 b5 25. Rh1 b4 26. Rhh3 bxc3 27. bxc3 Ra4 28. h5 Rxa2+ 29. Kg1 Ra1+ 30. Kh2 g5 31. h6 g6 32. Qe2 Qb7 33. Qf2 Qe7 34. Ref3 Rf8 35. h7+ Kh8 36. Rf6 Rb1 37. Rhf3 Rb7 38. Qg3 Kxh7 39. Qxg5 Kg7 40. Rh3 Rh8 41. Rxh8 Kxh8 42. Qh6+ Kg8 43. Rf3 Qf8 44. Qg5 Rd7 45. Kg3 a5 1/2-1/2